Elegía a la memoria del inmortal Castaños, vencedor en Bailén / (Record no. 154225)

MARC details
000 -LEADER
campo de control de longitud fija 01042nam a22002415i 4500
001 - NÚMERO DE CONTROL
campo de control 154225
003 - IDENTIFICADOR DE NÚMERO DE CONTROL
campo de control ES-MaACL
005 - FECHA Y HORA DE LA ÚLTIMA TRANSACCIÓN
campo de control 20251004063202.0
008 - DATOS DE LONGITUD FIJA--INFORMACIÓN GENERAL
campo de control de longitud fija 980514q1852 sp |||| | spa d
080 ## - NÚMERO DE LA CLASIFICACIÓN DECIMAL UNIVERSAL
Número de la Clasificación Decimal Universal 821.134.2-14"18"
100 1# - ENTRADA PRINCIPAL--NOMBRE DE PERSONA
Nombre de persona Olloqui, Emilio,
Fechas asociadas al nombre 1821-1893
9 (RLIN) 130642
245 10 - MENCIÓN DEL TÍTULO
Título Elegía a la memoria del inmortal Castaños, vencedor en Bailén /
Mención de responsabilidad, etc. [por Emilio Olloqui].
260 ## - PUBLICACIÓN, DISTRIBUCIÓN, ETC.
Lugar de publicación, distribución, etc. Madrid :
Nombre del editor, distribuidor, etc. [s.n.,
Fecha de publicación, distribución, etc. 1852?] (
Lugar de fabricación/manufactura Imp. Nacional)
300 ## - DESCRIPCIÓN FÍSICA
Extensión [5] p. ;
Dimensiones 26 cm.
530 ## - NOTA DISPONIBLE DE FORMULARIO FÍSICO ADICIONAL
Nota de formato físico adicional disponible Disponible en formato digital.
594 ## - Nota al título y mención de responsabilidad
Nota al título y mención de responsabilidad El autor consta a fin de texto.
596 ## - NOTA AL PIE DE IMPRENTA
NOTA AL PIE DE IMPRENTA Texto fechado en Madrid, 26 de setiembre de 1852
600 14 - PUNTO DE ACCESO ADICIONAL DE MATERIA--NOMBRE DE PERSONA
Nombre de persona Castaños, Francisco Javier,
Fechas asociadas al nombre 1758-1852
9 (RLIN) 157491
852 4# - LOCALIZACIÓN
Ubicación ES-MaACL
Número de control de estantería T-47-F-3
Nota libre - Enc. hol., falto de cub. original
-- - Enc. en un vol. facticio
852 4# - LOCALIZACIÓN
Ubicación ES-MaACL
Número de control de estantería T-49-F-4
Nota libre - Enc. hol., falto de cub. original
-- - Enc. en un vol. facticio
856 4# - LOCALIZACIÓN Y ACCESO ELECTRÓNICOS
Identificador Uniforme de Recursos <a href="http://bdh-rd.bne.es/viewer.vm?id=0000146277&page=1 ">http://bdh-rd.bne.es/viewer.vm?id=0000146277&page=1 </a>
Nota pública Biblioteca Digital Hispánica
Holdings
Estatus retirado Estado de pérdida Estado de daño No para préstamo Colección Biblioteca de origen Biblioteca actual Ubicación en estantería Fecha de adquisición Total de préstamos Signatura topográfica completa Código de barras Visto por última vez Precio de reemplazo Tipo de ítem Koha
        Colección de folletos Biblioteca del Ateneo de Madrid Biblioteca del Ateneo de Madrid Depósito folletos 17/01/2008   T-49-F-4 1161269 23/02/2023 23/02/2023 Folleto
        Colección de folletos Biblioteca del Ateneo de Madrid Biblioteca del Ateneo de Madrid Depósito folletos 17/01/2008   T-47-F-3 1161268 23/02/2023 23/02/2023 Folleto